[Event "ICS rated blitz match"]
[Site "204.178.125.65"]
[Date "1999.10.04"]
[Round "?"]
[White "Hossa"]
[Black "matar"]
[Result "1/2-1/2"]
[WhiteElo "2448"]
[BlackElo "2218"]
[PlyCount "83"]
[EventDate "1999.??.??"]

1. e4 c5 2. Nf3 e6 3. d4 cxd4 4. Nxd4 a6 5. Nc3 Qc7 6. Be3 Ba3 7. Ndb5 axb5 8.
Nxb5 Qa5+ 9. Bd2 Bb4 10. Nd6+ Kd8 11. Nxf7+ Ke7 12. Nxh8 Bxd2+ 13. Qxd2 Nf6 14.
Qxa5 Rxa5 15. Bd3 Kf8 16. b4 Rg5 17. g3 Kg8 18. h4 Rg4 19. Rg1 Nxe4 20. Be2 Nf6
21. Bxg4 Nxg4 22. Ng6 hxg6 23. Rd1 Nc6 24. a3 d5 25. b5 Ne7 26. a4 Bd7 27. Rd3
Ne5 28. Rb3 Nf5 29. f4 Nc4 30. Kf2 Kf7 31. Re1 Ke7 32. Rd3 Kd6 33. Rdd1 Kc5 34.
Ra1 Nfd6 35. Kg2 Ne4 36. Kh2 e5 37. fxe5 Nxe5 38. Kg2 Bg4 39. Rab1 Bf3+ 40. Kg1
Bg4 41. Kg2 Bf3+ 42. Kg1 {Game drawn by mutual agreement} 1/2-1/2

[Event "ICS rated blitz match"]
[Site "204.178.125.65"]
[Date "1999.10.04"]
[Round "?"]
[White "Hossa"]
[Black "matar"]
[Result "1-0"]
[WhiteElo "2427"]
[BlackElo "2239"]
[PlyCount "51"]
[EventDate "1999.??.??"]

1. e4 c5 2. Nf3 e6 3. d3 d5 4. Be2 Nc6 5. O-O Nf6 6. Nc3 d4 7. Nb5 e5 8. Nd2 g5
9. Nf3 g4 10. Nd2 h5 11. f4 a6 12. fxe5 Nxe5 13. Na3 Bd6 14. Ndc4 Bc7 15. Bg5
Ned7 16. e5 b5 17. Rxf6 Nxf6 18. Bxf6 Qd5 19. Bxh8 Bb7 20. Bf1 O-O-O 21. Bf6
Rg8 22. Nd2 h4 23. Qe1 h3 24. Qe4 Qd7 25. Qh7 Re8 26. Ne4 {matar resigns} 1-0

[Event "ICS rated blitz match"]
[Site "204.178.125.65"]
[Date "1999.09.07"]
[Round "?"]
[White "Hossa"]
[Black "matar"]
[Result "1-0"]
[WhiteElo "2508"]
[BlackElo "2174"]
[PlyCount "75"]
[EventDate "1999.??.??"]

1. e4 c5 2. Nf3 e6 3. d4 cxd4 4. Nxd4 a6 5. Be2 Nf6 6. e5 Qa5+ 7. Nc3 Qxe5 8.
O-O Nc6 9. Nf3 Qc7 10. Be3 b5 11. Bg5 Bb7 12. Bxf6 gxf6 13. a4 b4 14. Ne4 Be7
15. c4 f5 16. Neg5 h6 17. Nh3 Rg8 18. Qd2 Ne5 19. Ne1 Qc6 20. f3 O-O-O 21. b3
Bg5 22. Nxg5 hxg5 23. Qxb4 g4 24. f4 Ng6 25. Rd1 d6 26. a5 Nh4 27. Qb6 Qxb6+
28. axb6 g3 29. h3 e5 30. b4 e4 31. Nc2 d5 32. c5 Ng6 33. Nd4 Ne7 34. Ra1 Nc6
35. Nxc6 Bxc6 36. Bxa6+ Kb8 37. b5 Bb7 38. Bxb7 {matar resigns} 1-0

[Event "ICS rated blitz match"]
[Site "204.178.125.65"]
[Date "1999.10.04"]
[Round "?"]
[White "Hossa"]
[Black "matar"]
[Result "1-0"]
[WhiteElo "2469"]
[BlackElo "2197"]
[PlyCount "61"]
[EventDate "1999.??.??"]

1. e4 c5 2. Nf3 e6 3. d3 d5 4. Be2 Nf6 5. Nc3 Nc6 6. O-O d4 7. Nb5 e5 8. Nd2 g5
9. Nf3 h6 10. c3 Be6 11. cxd4 cxd4 12. b3 a6 13. Na3 Bb4 14. Nc4 Bc3 15. Rb1
Qc7 16. Ba3 O-O-O 17. Bc5 Bxc4 18. bxc4 Nd7 19. Ba3 Kb8 20. Qa4 Ka8 21. Ne1
Bxe1 22. Rfxe1 Na7 23. Rb2 Nc5 24. Qb4 Rc8 25. Qd2 Na4 26. Rb3 Nc5 27. Bxc5
Qxc5 28. Reb1 b5 29. Qa5 Rc6 30. cxb5 Nxb5 31. Rxb5 {matar resigns} 1-0

[Event "ICS rated blitz match"]
[Site "204.178.125.65"]
[Date "1999.10.04"]
[Round "?"]
[White "Hossa"]
[Black "matar"]
[Result "1-0"]
[WhiteElo "2443"]
[BlackElo "2223"]
[PlyCount "53"]
[EventDate "1999.??.??"]

1. e4 c5 2. Nf3 e6 3. d3 d5 4. Be2 Nc6 5. O-O Nf6 6. Nc3 d4 7. Nb5 e5 8. Nd2 a6
9. Na3 b5 10. c4 b4 11. Nc2 Bd6 12. a3 bxa3 13. Rxa3 O-O 14. Nb3 Ne8 15. f4
exf4 16. Bxf4 Bxf4 17. Rxf4 Qg5 18. Qd2 Nc7 19. Rxf7 Qxd2 20. Rxf8+ Kxf8 21.
Nxd2 Rb8 22. Nb3 Ne6 23. Bg4 Nf4 24. Bxc8 Rxc8 25. Nxc5 Ne5 26. b4 Rc6 27. Nxd4
{matar resigns} 1-0

[Event "ICS rated blitz match"]
[Site "204.178.125.65"]
[Date "1999.08.27"]
[Round "?"]
[White "Hossa"]
[Black "matar"]
[Result "1-0"]
[WhiteElo "2400"]
[BlackElo "2191"]
[PlyCount "51"]
[EventDate "1999.??.??"]

1. d4 d5 2. c4 e6 3. Nc3 c6 4. e4 dxe4 5. Nxe4 Bb4+ 6. Nc3 c5 7. a3 Ba5 8. Be3
Nf6 9. Nge2 O-O 10. dxc5 Nbd7 11. b4 Bc7 12. Nd4 a5 13. c6 axb4 14. cxd7 bxc3
15. dxc8=Q Qxc8 16. Bd3 e5 17. Nb5 Ba5 18. O-O e4 19. Be2 Rd8 20. Qc2 Ra6 21.
Rfd1 Re8 22. c5 Ng4 23. Nd6 Rxd6 24. cxd6 Nxe3 25. fxe3 Qc5 26. Rd4 {
matar resigns} 1-0

[Event "ICS rated blitz match"]
[Site "204.178.125.65"]
[Date "1999.09.21"]
[Round "?"]
[White "Hossa"]
[Black "matar"]
[Result "1/2-1/2"]
[WhiteElo "2406"]
[BlackElo "2212"]
[PlyCount "107"]
[EventDate "1999.??.??"]

1. d4 Nf6 2. Nf3 g6 3. c4 Bg7 4. Nc3 O-O 5. e4 d6 6. Be2 Na6 7. O-O e5 8. dxe5
dxe5 9. Qxd8 Rxd8 10. Bg5 c6 11. Nxe5 Re8 12. f4 Nc5 13. Bf3 Nfxe4 14. Bxe4 f6
15. Bxf6 Bxf6 16. Rae1 Kg7 17. Bc2 Bf5 18. Bxf5 gxf5 19. Re3 Rad8 20. Rfe1 Bxe5
21. Rxe5 Rxe5 22. Rxe5 Nd3 23. Re7+ Kf6 24. Rxb7 Nxf4 25. Rxh7 Rd2 26. g3 Ne6
27. Na4 Ng5 28. Rh6+ Kg7 29. Rh5 Kg6 30. Rxg5+ Kxg5 31. h3 Rc2 32. c5 Kh5 33.
a3 a5 34. Kh1 Kg5 35. Kg1 f4 36. gxf4+ Kxf4 37. Kf1 Kg3 38. Ke1 Kxh3 39. Kd1
Rc4 40. b3 Rg4 41. Nb2 Rg3 42. Nc4 Rxb3 43. Nxa5 Rxa3 44. Nxc6 Rc3 45. Ke2 Rxc5
46. Nd4 Rd5 47. Ke3 Kg4 48. Ke4 Ra5 49. Nc6 Rb5 50. Ne5+ Kg5 51. Nf3+ Kf6 52.
Nd4 Rb4 53. Kd5 Rxd4+ 54. Kxd4 {
Game drawn because neither player has mating material} 1/2-1/2

[Event "ICS rated blitz match"]
[Site "204.178.125.65"]
[Date "1999.09.19"]
[Round "?"]
[White "Hossa"]
[Black "matar"]
[Result "1-0"]
[WhiteElo "2481"]
[BlackElo "2143"]
[PlyCount "63"]
[EventDate "1999.??.??"]

1. e4 c5 2. Nc3 e6 3. g3 d5 4. Bg2 d4 5. Nce2 Nc6 6. d3 g5 7. f4 gxf4 8. Nxf4
e5 9. Nd5 h5 10. Ne2 Bg4 11. Bg5 f6 12. Bh4 Bg7 13. O-O Qd7 14. c3 O-O-O 15.
Rc1 Kb8 16. Qc2 Nce7 17. Bxf6 Nxd5 18. Bxg7 Qxg7 19. exd5 Nf6 20. c4 Rhe8 21.
a3 Bc8 22. b4 Ng4 23. Qd2 Ne3 24. Rf2 cxb4 25. axb4 Rf8 26. Rxf8 Rxf8 27. Re1
h4 28. b5 Qg4 29. b6 axb6 30. Qb4 Qf5 31. Qd6+ Ka7 32. Ra1# {matar checkmated}
1-0

[Event "ICS rated blitz match"]
[Site "204.178.125.65"]
[Date "1999.09.23"]
[Round "?"]
[White "Hossa"]
[Black "matar"]
[Result "1-0"]
[WhiteElo "2385"]
[BlackElo "2152"]
[PlyCount "25"]
[EventDate "1999.??.??"]

1. d4 e6 2. Nf3 b6 3. e4 Bb7 4. Bd3 Nf6 5. e5 Nd5 6. O-O c5 7. c4 Nb4 8. Bg5
Be7 9. Bxe7 Qxe7 10. Be2 cxd4 11. Nxd4 d6 12. Nb5 dxe5 13. Nd6+ {matar resigns}
1-0

[Event "ICS rated blitz match"]
[Site "204.178.125.65"]
[Date "1999.09.23"]
[Round "?"]
[White "Hossa"]
[Black "matar"]
[Result "1-0"]
[WhiteElo "2398"]
[BlackElo "2139"]
[PlyCount "77"]
[EventDate "1999.??.??"]

1. d4 Nf6 2. c4 g6 3. Nc3 Bg7 4. e4 O-O 5. Bg5 d6 6. Nf3 c5 7. dxc5 Qa5 8. Bd3
dxc5 9. O-O Nc6 10. Nd5 Bg4 11. Qb3 Bxf3 12. gxf3 Nd4 13. Nxe7+ Kh8 14. Qd1
Rad8 15. Nd5 Nxd5 16. Bxd8 Qxd8 17. cxd5 Qh4 18. Kg2 Be5 19. Rh1 b5 20. Qd2 c4
21. Be2 f5 22. exf5 Rxf5 23. Rad1 Rg5+ 24. Kf1 Qh3+ 25. Ke1 Qg2 26. Rf1 Rf5 27.
d6 Rf6 28. d7 Rd6 29. f4 Bf6 30. Qc3 Rxd7 31. Rxd4 Bxd4 32. Qb4 Kg8 33. Qxb5
Rd8 34. Qg5 Rc8 35. Qxg2 Bxb2 36. Qd5+ Kg7 37. Qd7+ Kh6 38. Qxc8 c3 39. Qf8# {
matar checkmated} 1-0

[Event "ICS rated blitz match"]
[Site "204.178.125.65"]
[Date "1999.09.23"]
[Round "?"]
[White "Hossa"]
[Black "matar"]
[Result "1-0"]
[WhiteElo "2405"]
[BlackElo "2132"]
[PlyCount "105"]
[EventDate "1999.??.??"]

1. d4 Nf6 2. c4 g6 3. Nc3 Bg7 4. e4 O-O 5. Bg5 d6 6. Nf3 c5 7. dxc5 Qa5 8. Bd3
dxc5 9. Nd2 Nc6 10. Nb3 Qb6 11. O-O Bg4 12. f3 Bc8 13. Bxf6 Bxf6 14. Nd5 Qd8
15. Nxf6+ exf6 16. Rf2 b6 17. Rd2 Bb7 18. Qf1 Qe7 19. Rad1 Rfd8 20. Qf2 Nd4 21.
Nxd4 Rxd4 22. Bc2 Rxd2 23. Qxd2 Kg7 24. Ba4 Qe5 25. b3 f5 26. Qd7 Bc8 27. Qd5
Qxd5 28. exd5 Kf6 29. Bc6 Rb8 30. Re1 Bb7 31. Bxb7 Rxb7 32. Re8 b5 33. Kf2 bxc4
34. bxc4 Rb2+ 35. Re2 Rb4 36. Rc2 Ke5 37. Ke3 f4+ 38. Kd3 f5 39. Re2+ Kd6 40.
Re6+ Kd7 41. Ra6 Rb7 42. Kc3 Ke7 43. Rc6 Kd7 44. Rxc5 Rb6 45. Ra5 a6 46. c5 Rb1
47. Rxa6 Rg1 48. Ra7+ Kd8 49. Rxh7 Rxg2 50. c6 Rg1 51. c7+ Kc8 52. d6 Rd1 53.
Rh8+ {matar resigns} 1-0

[Event "ICS rated blitz match"]
[Site "204.178.125.65"]
[Date "1999.09.23"]
[Round "?"]
[White "Hossa"]
[Black "matar"]
[Result "1/2-1/2"]
[WhiteElo "2410"]
[BlackElo "2127"]
[PlyCount "55"]
[EventDate "1999.??.??"]

1. d4 Nf6 2. c4 g6 3. Nc3 Bg7 4. e4 O-O 5. Bg5 d6 6. Nf3 c5 7. dxc5 Qa5 8. Bd3
dxc5 9. O-O Nc6 10. Nd5 Bg4 11. Qb3 Bxf3 12. gxf3 Nd4 13. Nxe7+ Kh8 14. Qd1
Rad8 15. Nd5 Nxd5 16. Bxd8 Qxd8 17. cxd5 Be5 18. f4 Bxf4 19. Qg4 Qd6 20. h4 f5
21. Qh3 c4 22. Bxc4 fxe4 23. Kh1 b5 24. Bb3 Be5 25. Rae1 Rf3 26. Qc8+ Rf8 27.
Qh3 Rf3 28. Qc8+ {Game drawn by mutual agreement} 1/2-1/2

[Event "ICS rated blitz match"]
[Site "204.178.125.65"]
[Date "1999.09.21"]
[Round "?"]
[White "Hossa"]
[Black "matar"]
[Result "1-0"]
[WhiteElo "2389"]
[BlackElo "2229"]
[PlyCount "65"]
[EventDate "1999.??.??"]

1. d4 c5 2. d5 e6 3. Nc3 b5 4. Nxb5 exd5 5. Qxd5 Nc6 6. Qe4+ Be7 7. Nd6+ Kf8 8.
Qd5 Bxd6 9. Qxd6+ Nge7 10. Qxc5 d6 11. Qc3 Bb7 12. e4 Rc8 13. Bg5 f6 14. Bf4
Ng6 15. Bd2 Nce5 16. Qb4 Qc7 17. f4 Nc6 18. Qa4 Ke7 19. Nf3 Rhe8 20. g3 Kf8 21.
Be2 Qb6 22. b3 Kg8 23. Bc4+ Kh8 24. Bf7 Re7 25. Bxg6 hxg6 26. O-O-O a5 27. Nh4
Kh7 28. f5 Nb4 29. Bxb4 axb4 30. fxg6+ Kh8 31. Nf5 Rxe4 32. Qd7 Rd8 33. Qxg7# {
matar checkmated} 1-0

[Event "ICS rated blitz match"]
[Site "204.178.125.65"]
[Date "1999.10.15"]
[Round "?"]
[White "Hossa"]
[Black "mkarp"]
[Result "1-0"]
[WhiteElo "2305"]
[BlackElo "2261"]
[PlyCount "55"]
[EventDate "1999.??.??"]

1. e4 c5 2. Nf3 d6 3. d4 cxd4 4. Nxd4 Nf6 5. Nc3 e6 6. Bg5 Be7 7. Bb5+ Nbd7 8.
O-O a6 9. Bxf6 Bxf6 10. Bxd7+ Qxd7 11. Qd3 O-O 12. Rad1 Qc7 13. Rd2 b5 14. Re1
Bb7 15. Kh1 Rac8 16. a3 h6 17. Qe3 Qc4 18. Rd3 b4 19. Nb1 a5 20. Nd2 Qc5 21.
N2b3 Qb6 22. axb4 a4 23. Na5 Ba6 24. Rd2 Qxb4 25. Ndc6 Qxb2 26. c4 Qc3 27. Rxd6
Qxe1+ 28. Qxe1 {mkarp resigns} 1-0

[Event "ICS rated blitz match"]
[Site "204.178.125.65"]
[Date "1999.10.15"]
[Round "?"]
[White "Hossa"]
[Black "mkarp"]
[Result "0-1"]
[WhiteElo "2328"]
[BlackElo "2257"]
[PlyCount "86"]
[EventDate "1999.??.??"]

1. d4 Nf6 2. c4 g6 3. Nc3 Bg7 4. e4 O-O 5. Bg5 d6 6. Nf3 Nc6 7. Be2 h6 8. Bf4
Nh5 9. Be3 e5 10. d5 Ne7 11. Qc1 Kh7 12. O-O f5 13. Ne1 f4 14. Bd2 Nf6 15. Qd1
g5 16. Nd3 Ng6 17. f3 h5 18. Qa4 g4 19. fxg4 hxg4 20. b4 Nh4 21. Be1 Nh5 22.
Qa5 f3 23. Bxh4 Qxh4 24. Qxc7 g3 25. hxg3 Nxg3 26. Bxf3 Bg4 27. Qxb7 Bxf3 28.
Rxf3 Rxf3 29. gxf3 Rf8 30. Ne1 Kh8 31. Qxa7 Bh6 32. Ng2 Qh1+ 33. Kf2 Qxa1 34.
Kxg3 Qxc3 35. Kh2 Qxf3 36. Qg7+ Kxg7 37. Nh4 Bf4+ 38. Kg1 Qe2 39. Nf5+ Rxf5 40.
exf5 Be3+ 41. Kh1 Qf2 42. f6+ Kxf6 43. a4 43... Qg1# {Hossa checkmated} 0-1

[Event "ICS rated blitz match"]
[Site "204.178.125.65"]
[Date "1999.09.11"]
[Round "?"]
[White "Hossa"]
[Black "monkeys"]
[Result "0-1"]
[WhiteElo "2453"]
[BlackElo "2254"]
[PlyCount "106"]
[EventDate "1999.??.??"]

1. e4 c5 2. Nf3 d6 3. d4 cxd4 4. Qxd4 Nc6 5. Bb5 Bd7 6. Qd1 Nf6 7. Nc3 a6 8.
Be2 e6 9. O-O Be7 10. Bf4 Qb8 11. Qd2 Ne5 12. Bxe5 dxe5 13. Qg5 Nxe4 14. Qxg7
Bf6 15. Qh6 Nxc3 16. bxc3 Ke7 17. Bd3 Bc6 18. Ng5 Qg8 19. Ne4 Bxe4 20. Bxe4 Qg5
21. Qxg5 Bxg5 22. Rfb1 Rac8 23. Rxb7+ Kf6 24. Rb6 Rxc3 25. Rxa6 h5 26. Rd6 h4
27. Rb1 Rhc8 28. Bd3 e4 29. Bxe4 Ke5 30. Rb5+ Kxd6 31. Rxg5 f5 32. Bb7 Rxc2 33.
g3 h3 34. Kf1 Rb8 35. Rg7 Rxa2 36. Rh7 Ra7 37. Rxh3 Rbxb7 38. Kg2 Ra2 39. Rh4
Rbb2 40. Rf4 Ke7 41. Rf3 Kf6 42. h4 Kg6 43. Rf4 e5 44. Rf3 e4 45. Rf4 e3 46. g4
Rxf2+ 47. Kg3 Rxf4 48. Kxf4 e2 49. h5+ Kh7 50. gxf5 e1=Q 51. Kg4 Qe4+ 52. Kg3
Rg2+ 53. Kh3 53... Qg4# {Hossa checkmated} 0-1

[Event "ICS rated blitz match"]
[Site "204.178.125.65"]
[Date "1999.09.18"]
[Round "?"]
[White "Hossa"]
[Black "monkeys"]
[Result "1-0"]
[WhiteElo "2447"]
[BlackElo "2174"]
[PlyCount "59"]
[EventDate "1999.??.??"]

1. e4 e6 2. d4 d5 3. Nd2 Nf6 4. e5 Nfd7 5. Bd3 c5 6. c3 Nc6 7. Ne2 Qb6 8. Nf3
f6 9. exf6 Nxf6 10. O-O cxd4 11. Nexd4 e5 12. Nxc6 bxc6 13. Nxe5 Bd6 14. Bf4
O-O 15. Nc4 Bxf4 16. Nxb6 axb6 17. Qc2 c5 18. Bf5 Ba6 19. Rfe1 Rae8 20. Qb3 Bc4
21. Qxb6 Rb8 22. Be6+ Kh8 23. Qxc5 Ne4 24. Rxe4 dxe4 25. Bxc4 e3 26. fxe3 Rfc8
27. Qd4 Bxe3+ 28. Qxe3 Rxc4 29. b3 Rcc8 30. Rd1 {monkeys resigns} 1-0

[Event "ICS rated blitz match"]
[Site "204.178.125.65"]
[Date "1999.09.27"]
[Round "?"]
[White "Hossa"]
[Black "monkeys"]
[Result "1-0"]
[WhiteElo "2475"]
[BlackElo "2135"]
[PlyCount "57"]
[EventDate "1999.??.??"]

1. e4 e6 2. d4 c5 3. Nf3 Nf6 4. e5 Nd5 5. c4 Nb6 6. Bg5 f6 7. exf6 gxf6 8. Be3
cxd4 9. Nxd4 Bb4+ 10. Bd2 Bxd2+ 11. Nxd2 O-O 12. c5 Nd5 13. Bd3 Rf7 14. Nb5 Nc6
15. Nd6 Rg7 16. O-O Nf4 17. Be4 f5 18. Bxc6 bxc6 19. g3 Ba6 20. N2c4 Qf6 21.
Kh1 Nd5 22. Qd2 Rb8 23. Qd3 Rxb2 24. Ne8 Qg6 25. Nxg7 Qxg7 26. Rac1 h5 27. Qa3
Bxc4 28. Rxc4 f4 29. gxf4 {monkeys resigns} 1-0

[Event "ICS rated blitz match"]
[Site "204.178.125.65"]
[Date "1999.09.20"]
[Round "?"]
[White "Hossa"]
[Black "motorhome"]
[Result "0-1"]
[WhiteElo "2396"]
[BlackElo "2054"]
[PlyCount "76"]
[EventDate "1999.??.??"]

1. d4 c5 2. d5 e6 3. Nc3 Qa5 4. Bd2 b5 5. a3 Nf6 6. e4 d6 7. Bxb5+ Bd7 8. Bc4
e5 9. Nge2 Be7 10. f4 exf4 11. O-O g5 12. Qe1 Qc7 13. Bb5 a6 14. Bxd7+ Nbxd7
15. h4 h6 16. Rd1 Ne5 17. Na2 Ng6 18. hxg5 hxg5 19. b3 c4 20. Nd4 cxb3 21. cxb3
Ng4 22. Ba5 Qd7 23. Rc1 Ne3 24. Rf2 Qg4 25. Qb4 Qg3 26. Qa4+ Kf8 27. Nf3 Ne5
28. Qe8+ Rxe8 29. Rcc2 g4 30. Nh4 Rxh4 31. Rxf4 Qh2+ 32. Kf2 Qxf4+ 33. Ke1 Rh1+
34. Ke2 Qxe4 35. Nc3 Qxc2+ 36. Kxe3 Bg5+ 37. Kd4 Rd1+ 38. Nxd1 38... Qd3# {
Hossa checkmated} 0-1

[Event "ICS rated blitz match"]
[Site "204.178.125.65"]
[Date "1999.08.28"]
[Round "?"]
[White "Hossa"]
[Black "motorhome"]
[Result "1-0"]
[WhiteElo "2496"]
[BlackElo "2119"]
[PlyCount "51"]
[EventDate "1999.??.??"]

1. e4 e6 2. d4 d5 3. Nd2 Nf6 4. Bd3 c5 5. e5 Nfd7 6. c3 Nc6 7. Ne2 cxd4 8. cxd4
Qb6 9. Nb3 f6 10. exf6 Nxf6 11. O-O Bd6 12. Bf4 Bxf4 13. Nxf4 O-O 14. Re1 a5
15. Rc1 a4 16. Nc5 Nxd4 17. Bxh7+ Nxh7 18. Qxd4 Ra5 19. Ng6 Re8 20. Re5 Bd7 21.
Qc3 Bb5 22. Rxe6 Rxe6 23. Nxe6 Qxe6 24. Qxa5 Bc6 25. Qd8+ Kf7 26. Nh8# {
motorhome checkmated} 1-0

[Event "ICS rated blitz match"]
[Site "204.178.125.65"]
[Date "1999.08.30"]
[Round "?"]
[White "Hossa"]
[Black "moty"]
[Result "1-0"]
[WhiteElo "2499"]
[BlackElo "2092"]
[PlyCount "47"]
[EventDate "1999.??.??"]

1. e4 e6 2. d4 d5 3. Nc3 Nf6 4. e5 Nfd7 5. f4 c5 6. Nf3 Nc6 7. Bb5 Qb6 8. Bxc6
bxc6 9. Kf2 cxd4 10. Nxd4 Bc5 11. Be3 Qxb2 12. Na4 Qb7 13. Rb1 Qa6 14. Nc3 g6
15. Re1 Bxd4 16. Bxd4 c5 17. Nb5 Qc6 18. Nd6+ Ke7 19. Bb2 Ba6 20. Qg4 Rhb8 21.
Qh4+ Kf8 22. Qxh7 Nxe5 23. Bxe5 Qd7 24. Bf6 {moty resigns} 1-0

[Event "ICS rated blitz match"]
[Site "204.178.125.65"]
[Date "1999.09.14"]
[Round "?"]
[White "Hossa"]
[Black "netpi"]
[Result "0-1"]
[WhiteElo "2392"]
[BlackElo "2494"]
[PlyCount "54"]
[EventDate "1999.??.??"]

1. Nf3 d5 2. d4 Nf6 3. Bg5 Bf5 4. e3 h6 5. Bxf6 exf6 6. Nbd2 Nc6 7. Bb5 Be7 8.
c4 O-O 9. cxd5 Qxd5 10. Bxc6 Qxc6 11. Rc1 Qa6 12. Nh4 Be6 13. Rxc7 Bd6 14. Rc2
Rfc8 15. Rxc8+ Rxc8 16. a3 Qb5 17. Qa1 Rc2 18. b4 Qc6 19. Kd1 Qa4 20. Ke2 Bc4+
21. Kf3 Rxd2 22. e4 Be2+ 23. Ke3 Qc2 24. f3 Qd3+ 25. Kf2 Bxf3+ 26. Kg1 Qe3+ 27.
Kf1 27... Qf2# {Hossa checkmated} 0-1

[Event "ICS rated blitz match"]
[Site "204.178.125.65"]
[Date "1999.09.17"]
[Round "?"]
[White "Hossa"]
[Black "netpi"]
[Result "0-1"]
[WhiteElo "2433"]
[BlackElo "2545"]
[PlyCount "103"]
[EventDate "1999.??.??"]

1. d4 d5 2. c4 dxc4 3. Nf3 Nf6 4. e3 Be6 5. Na3 c5 6. Bxc4 Bxc4 7. Nxc4 Nc6 8.
Qa4 cxd4 9. Nxd4 Qd5 10. O-O Rd8 11. Nb5 Qc5 12. Nc7+ Kd7 13. Nb5 Kc8 14. b3 a6
15. Nc3 Qa7 16. b4 b5 17. Nxb5 axb5 18. Qxb5 Qb7 19. Qa4 e6 20. b5 Na7 21. b6
Nc6 22. Bb2 Nd7 23. Rfc1 Kb8 24. Qb5 f6 25. a4 Nc5 26. a5 Nd3 27. Rc3 Rd5 28.
Qb3 Qd7 29. a6 Bb4 30. a7+ Kb7 31. Qa2 Ka8 32. Rc2 Nxb2 33. Nxb2 Ra5 34. Na4
Rd8 35. Rcc1 Bc3 36. b7+ Kxa7 37. b8=Q+ Kxb8 38. Qb3+ Bb4 39. Qb1 Qd3 40. Qa2
Qb5 41. Qb3 Rd3 42. Qc2 Rd2 43. Qb3 Qf5 44. f3 Qg5 45. g3 Qh5 46. Qxb4+ Nxb4
47. Rc8+ Kxc8 48. Rc1+ Kb8 49. h3 Qxf3 50. Rc8+ Kxc8 51. Nb6+ Kb7 52. Nc4 {
Hossa resigns} 0-1

[Event "ICS rated blitz match"]
[Site "204.178.125.65"]
[Date "1999.09.12"]
[Round "?"]
[White "Hossa"]
[Black "netpi"]
[Result "0-1"]
[WhiteElo "2565"]
[BlackElo "2378"]
[PlyCount "78"]
[EventDate "1999.??.??"]

1. e4 e5 2. Nf3 Nc6 3. Bb5 a6 4. Ba4 b5 5. Bb3 Nf6 6. Ng5 d5 7. Nc3 Nd4 8. exd5
Nxb3 9. axb3 h6 10. Nf3 b4 11. Ne2 Qxd5 12. c4 bxc3 13. Nxc3 Qb7 14. O-O Bg4
15. Re1 Bd6 16. d4 O-O-O 17. dxe5 Bxe5 18. Qc2 Bxf3 19. Rxe5 Bxg2 20. Qf5+ Kb8
21. Re3 Rhe8 22. Qf4 Bh1 23. Qg3 Ne4 24. Rxe4 Bxe4 25. Ra3 Rd6 26. f3 Bxf3 27.
Kf2 Bh1 28. Ra4 Qxb3 29. Be3 Qc2+ 30. Kf1 Rd1+ 31. Nxd1 Qxd1+ 32. Qe1 Bg2+ 33.
Kf2 Qf3+ 34. Kg1 Bh3 35. Ba7+ Kb7 36. Rb4+ Kxa7 37. Qf2+ Re3 38. Qxf3 Rxf3 39.
Rb5 39... Rf1# {Hossa checkmated} 0-1

[Event "ICS rated blitz match"]
[Site "204.178.125.65"]
[Date "1999.09.15"]
[Round "?"]
[White "Hossa"]
[Black "netpi"]
[Result "1/2-1/2"]
[WhiteElo "2403"]
[BlackElo "2520"]
[PlyCount "99"]
[EventDate "1999.??.??"]

1. d4 d5 2. c4 dxc4 3. Nf3 Nf6 4. e3 Be6 5. Na3 c5 6. Bxc4 Bxc4 7. Nxc4 Nc6 8.
Qa4 cxd4 9. Nxd4 Qd5 10. O-O Rd8 11. Nxc6 Qxc6 12. Qxc6+ bxc6 13. Bd2 e6 14.
Rfd1 Be7 15. Bc3 O-O 16. Ne5 Rxd1+ 17. Rxd1 Rc8 18. b3 Nd5 19. Bd4 f6 20. Nc4
c5 21. Bb2 Nb6 22. f4 Nxc4 23. bxc4 Rd8 24. Rxd8+ Bxd8 25. g4 Bc7 26. Kf2 e5
27. Kf3 exf4 28. exf4 Kf7 29. Ke4 Ke6 30. f5+ Kd6 31. h4 Bd8 32. h5 h6 33. Bc3
Kc6 34. a4 a6 35. Ke3 Kd6 36. Bd2 Bc7 37. Ke4 Kc6 38. Kf3 Be5 39. Ba5 Bb2 40.
Bd8 Kd6 41. Bb6 Bc3 42. a5 Bd2 43. Ke4 Be1 44. Ke3 Bb4 45. Kd3 Ba3 46. Ke4 Bc1
47. Bd8 Kd7 48. Bb6 Kd6 49. Bd8 Kd7 50. Bb6 {Game drawn by mutual agreement}
1/2-1/2

[Event "ICS rated blitz match"]
[Site "204.178.125.65"]
[Date "1999.09.12"]
[Round "?"]
[White "Hossa"]
[Black "netpi"]
[Result "0-1"]
[WhiteElo "2516"]
[BlackElo "2403"]
[PlyCount "98"]
[EventDate "1999.??.??"]

1. d4 d5 2. c4 dxc4 3. Nf3 Nf6 4. e3 b5 5. a4 c6 6. Nc3 Ba6 7. axb5 cxb5 8. Ne5
Qc8 9. Be2 Bb7 10. O-O a6 11. Bf3 Nbd7 12. Nxd7 Qxd7 13. Bxb7 Qxb7 14. Bd2 e6
15. f3 Be7 16. Ne2 O-O 17. e4 Rfe8 18. Qe1 e5 19. d5 Bc5+ 20. Kh1 Qa7 21. Bg5
Nd7 22. Ra2 h6 23. Bd2 Rab8 24. Ng3 Rb6 25. Nf5 Rf6 26. Qg3 Rg6 27. Qh4 b4 28.
Rc1 c3 29. bxc3 b3 30. Ra5 Qc7 31. c4 b2 32. Rb1 Nb6 33. Rxa6 Qb7 34. Ra2 Nxc4
35. Bxh6 Qb3 36. Bxg7 Rxg7 37. Nh6+ Kf8 38. Nf5 Be3 39. Nxg7 Kxg7 40. Ra6 Qd3
41. Qg3+ Kf8 42. Qe1 Bf2 43. Qb4+ Kg7 44. Raa1 Ra8 45. Qxb2 Nxb2 46. h3 Rxa1
47. Rxa1 Nd1 48. Kh2 Qf1 49. Ra6 49... Qg1# {Hossa checkmated} 0-1

[Event "ICS rated blitz match"]
[Site "204.178.125.65"]
[Date "1999.10.04"]
[Round "?"]
[White "Hossa"]
[Black "newfisher"]
[Result "1-0"]
[WhiteElo "2394"]
[BlackElo "2084"]
[PlyCount "103"]
[EventDate "1999.??.??"]

1. e4 e6 2. d4 d5 3. Nd2 dxe4 4. Nxe4 Bd7 5. Bd3 Bc6 6. Nf3 Bxe4 7. Bxe4 c6 8.
O-O Nf6 9. Bd3 Be7 10. Re1 O-O 11. Bg5 Nbd7 12. c3 Re8 13. Qc2 Nf8 14. Bd2 Ng6
15. Bxg6 hxg6 16. Bg5 Nd7 17. Bxe7 Rxe7 18. Qe4 Nf6 19. Qe5 Nd7 20. Qf4 Re8 21.
Ng5 Nf6 22. Re5 Qd7 23. Rae1 Nd5 24. Qh4 Nf6 25. a4 Rad8 26. R5e3 Nh5 27. d5
cxd5 28. g4 Nf4 29. Qh7+ Kf8 30. Qh8+ Ke7 31. Qxg7 Rf8 32. Nh7 Rh8 33. Qf6+ Ke8
34. Qxh8+ Ke7 35. Qf6+ Ke8 36. Qxf4 Ke7 37. Ng5 Rf8 38. Nxe6 fxe6 39. Rxe6+
Qxe6 40. Rxe6+ Kxe6 41. Qxf8 b5 42. axb5 d4 43. cxd4 Kd5 44. Qc5+ Ke4 45. g5 a6
46. bxa6 Kd3 47. Qd5 Kc2 48. Qc4+ Kd2 49. a7 Kd1 50. a8=Q Kd2 51. Qc3+ Ke2 52.
Qaf3# {newfisher checkmated} 1-0

[Event "ICS rated blitz match"]
[Site "204.178.125.65"]
[Date "1999.09.08"]
[Round "?"]
[White "Hossa"]
[Black "newfisher"]
[Result "1-0"]
[WhiteElo "2497"]
[BlackElo "2103"]
[PlyCount "36"]
[EventDate "1999.??.??"]

1. e4 e6 2. d4 d5 3. e5 c5 4. c3 Nc6 5. Nf3 Qb6 6. Be2 cxd4 7. cxd4 Nh6 8. Bd3
Bd7 9. Bc2 Nb4 10. Bxh6 Nxc2+ 11. Qxc2 gxh6 12. O-O Bc6 13. Nc3 O-O-O 14. Rfc1
Kb8 15. a4 Bb4 16. Qd2 Bxc3 17. Rxc3 Qb4 18. a5 18... Bb5 {newfisher resigns}
1-0